[Event "Championship Moscow 2015 Seniors rapid"]
[Site "?"]
[Date "2015.11.29"]
[Round "7.15"]
[White "Alekhin, Yuri"]
[Black "Avetisyan, Aleksey"]
[Result "1-0"]
[BlackElo "2050"]
[WhiteElo "2141"]
[LiveChessVersion "1.4.6"]

1. d4 d5 {[%clk 0:10:07]} 2. Bg5 {[%clk 0:10:06]} h6 {[%clk 0:10:10]} 3. Bh4
{[%clk 0:10:10]} c6 {[%clk 0:10:12]} 4. c3 {[%clk 0:10:09]} Bf5 {[%clk 0:09:56]}
5. Nd2 {[%clk 0:10:08]} Nd7 {[%clk 0:09:59]} 6. Ngf3 {[%clk 0:10:04]} Ngf6
{[%clk 0:10:02]} 7. e3 {[%clk 0:10:01]} e6 {[%clk 0:09:59]} 8. Nb3
{[%clk 0:09:55]} Be7 {[%clk 0:09:56]} 9. Bd3 {[%clk 0:09:58]} Bxd3
{[%clk 0:09:59]} 10. Qxd3 {[%clk 0:10:01]} O-O {[%clk 0:10:01]} 11. O-O
{[%clk 0:10:03]} b6 {[%clk 0:09:59]} 12. Qe2 {[%clk 0:09:52]} c5 {[%clk 0:09:59]}
13. Nbd2 {[%clk 0:09:46]} Qc7 {[%clk 0:09:40]} 14. Rfe1 {[%clk 0:09:43]} Bd6
{[%clk 0:09:32]} 15. Bg3 {[%clk 0:09:43]} Bxg3 {[%clk 0:09:35]} 16. hxg3
{[%clk 0:09:47]} Rac8 {[%clk 0:09:07]} 17. e4 {[%clk 0:09:38]} dxe4
{[%clk 0:09:05]} 18. Nxe4 {[%clk 0:09:41]} Nxe4 {[%clk 0:09:07]} 19. Qxe4
{[%clk 0:09:43]} Nf6 {[%clk 0:09:05]} 20. Qf4 {[%clk 0:09:00]} cxd4
{[%clk 0:08:48]} 21. Qxc7 {[%clk 0:09:01]} Rxc7 {[%clk 0:08:52]} 22. Nxd4
{[%clk 0:09:03]} Rd7 {[%clk 0:08:32]} 23. Re2 {[%clk 0:09:06]} Rfd8
{[%clk 0:08:28]} 24. Rae1 {[%clk 0:09:08]} Rd5 {[%clk 0:08:24]} 25. f3
{[%clk 0:09:08]} Nh5 {[%clk 0:07:49]} 26. Kf2 {[%clk 0:09:10]} Rg5
{[%clk 0:07:51]} 27. Re5 {[%clk 0:08:47]} Rd5 {[%clk 0:07:38]} 28. Rxd5
{[%clk 0:08:31]} Rxd5 {[%clk 0:07:42]} 29. Re2 {[%clk 0:08:25]} g6
{[%clk 0:06:47]} 30. a4 {[%clk 0:08:08]} Ng7 {[%clk 0:06:49]} 31. g4
{[%clk 0:07:56]} h5 {[%clk 0:06:50]} 32. gxh5 {[%clk 0:07:59]} Nxh5
{[%clk 0:06:54]} 33. g3 {[%clk 0:07:47]} Kg7 {[%clk 0:06:40]} 34. b4
{[%clk 0:07:16]} Nf6 {[%clk 0:06:38]} 35. Nb3 {[%clk 0:06:03]} Rd3
{[%clk 0:06:27]} 36. Re3 {[%clk 0:06:06]} Rd1 {[%clk 0:06:18]} 37. c4
{[%clk 0:06:05]} Kf8 {[%clk 0:06:09]} 38. Rc3 {[%clk 0:06:02]} Ke7
{[%clk 0:06:07]} 39. g4 {[%clk 0:06:02]} g5 {[%clk 0:05:58]} 40. Ke2
{[%clk 0:05:44]} Rd8 {[%clk 0:05:52]} 41. a5 {[%clk 0:05:31]} Rc8
{[%clk 0:05:48]} 42. Kd3 {[%clk 0:05:24]} Nd7 {[%clk 0:05:48]} 43. Kd4
{[%clk 0:05:17]} f6 {[%clk 0:05:39]} 44. c5 {[%clk 0:04:55]} b5 {[%clk 0:05:11]}
45. Ke4 {[%clk 0:04:10]} Ne5 {[%clk 0:05:08]} 46. Nd4 {[%clk 0:04:07]} Nc6
{[%clk 0:04:51]} 47. Nxc6+ Rxc6 48. Rc1 {[%clk 0:03:26]} Kf7 {[%clk 0:03:50]} 49.
Rh1 {[%clk 0:03:19]} Kg6 {[%clk 0:03:54]} 50. Rd1 {[%clk 0:03:23]} f5+
{[%clk 0:03:53]} 51. Ke5 {[%clk 0:03:24]} fxg4 {[%clk 0:03:49]} 52. fxg4
{[%clk 0:03:29]} Rc8 {[%clk 0:03:37]} 53. Kxe6 {[%clk 0:03:26]} Re8+
{[%clk 0:03:40]} 54. Kd7 {[%clk 0:03:30]} Re4 {[%clk 0:03:41]} 55. c6
{[%clk 0:03:29]} Rxg4 {[%clk 0:03:40]} 56. c7 {[%clk 0:03:29]} Rc4
{[%clk 0:03:43]} 57. Rd6+ {[%clk 0:03:33]} 1-0

[Event "Championship Moscow 2015 Seniors rapid"]
[Site "?"]
[Date "2015.11.29"]
[Round "7.16"]
[White "Korolev, Evgeniy"]
[Black "Sinelnikov, Igor"]
[Result "1-0"]
[BlackElo "2117"]
[WhiteElo "2057"]
[LiveChessVersion "1.4.6"]

1. e4 {[%clk 0:10:08]} d6 {[%clk 0:10:07]} 2. d4 {[%clk 0:10:10]} Nf6
{[%clk 0:10:11]} 3. Nc3 {[%clk 0:10:13]} g6 {[%clk 0:10:15]} 4. g3
{[%clk 0:10:15]} Bg7 {[%clk 0:10:18]} 5. Bg2 {[%clk 0:10:19]} O-O
{[%clk 0:10:21]} 6. Nge2 {[%clk 0:10:19]} Nbd7 {[%clk 0:10:13]} 7. h3
{[%clk 0:10:16]} e5 {[%clk 0:10:10]} 8. Be3 {[%clk 0:10:18]} c6 {[%clk 0:10:03]}
9. O-O {[%clk 0:10:20]} b5 {[%clk 0:09:28]} 10. a3 {[%clk 0:10:18]} a5
{[%clk 0:09:28]} 11. Qd2 {[%clk 0:10:08]} Re8 {[%clk 0:09:26]} 12. dxe5
{[%clk 0:09:38]} Nxe5 {[%clk 0:09:14]} 13. b3 {[%clk 0:09:37]} Bxh3
{[%clk 0:09:09]} 14. f3 {[%clk 0:08:47]} Bxg2 15. Kxg2 {[%clk 0:08:51]} b4
{[%clk 0:09:01]} 16. Na4 {[%clk 0:08:15]} c5 {[%clk 0:08:50]} 17. Rad1
{[%clk 0:08:06]} Bf8 {[%clk 0:07:53]} 18. axb4 {[%clk 0:08:06]} axb4
{[%clk 0:07:53]} 19. Rh1 {[%clk 0:07:39]} Qc7 {[%clk 0:07:46]} 20. Bg5
{[%clk 0:07:37]} Nh5 {[%clk 0:06:34]} 21. g4 {[%clk 0:07:19]} Ng7
{[%clk 0:06:24]} 22. Bf6 {[%clk 0:07:06]} Ne6 {[%clk 0:05:26]} 23. Rxh7
{[%clk 0:06:53]} Bg7 {[%clk 0:04:05]} 24. Rxg7+ {[%clk 0:06:41]} Nxg7
{[%clk 0:04:07]} 25. Qh6 {[%clk 0:06:46]} 1-0

[Event "Championship Moscow 2015 Seniors rapid"]
[Site "?"]
[Date "2015.11.29"]
[Round "7.17"]
[White "Melikidze, Shota"]
[Black "Dubrovin, Anatoly"]
[Result "1-0"]
[BlackElo "1927"]
[WhiteElo "2115"]
[LiveChessVersion "1.4.6"]

1. b4 {[%clk 0:10:06]} e5 {[%clk 0:10:08]} 2. Bb2 {[%clk 0:10:10]} f6
{[%clk 0:10:13]} 3. e3 {[%clk 0:10:14]} Qe7 {[%clk 0:10:07]} 4. Bd3
{[%clk 0:10:14]} d5 {[%clk 0:10:03]} 5. Qh5+ {[%clk 0:10:13]} Qf7
{[%clk 0:09:58]} 6. Qxf7+ {[%clk 0:10:05]} Kxf7 {[%clk 0:10:02]} 7. c4
{[%clk 0:09:54]} Be6 {[%clk 0:09:52]} 8. cxd5 {[%clk 0:09:31]} Bxd5
{[%clk 0:09:55]} 9. e4 {[%clk 0:09:30]} Be6 {[%clk 0:09:57]} 10. a3
{[%clk 0:09:27]} Nd7 {[%clk 0:09:45]} 11. Nc3 {[%clk 0:09:18]} c6
{[%clk 0:09:48]} 12. Nge2 {[%clk 0:09:06]} Rd8 {[%clk 0:09:52]} 13. Bc2
{[%clk 0:08:51]} Nb6 {[%clk 0:09:54]} 14. d3 {[%clk 0:08:46]} Bd6
{[%clk 0:09:28]} 15. O-O {[%clk 0:08:47]} Ne7 {[%clk 0:09:20]} 16. f4
{[%clk 0:08:46]} exf4 {[%clk 0:08:35]} 17. Nxf4 {[%clk 0:08:47]} Bxf4
{[%clk 0:08:39]} 18. Rxf4 {[%clk 0:08:51]} Ng6 {[%clk 0:08:39]} 19. Rf2
{[%clk 0:08:32]} Ne5 {[%clk 0:08:42]} 20. Rd1 {[%clk 0:08:19]} Ke7
{[%clk 0:08:27]} 21. Ne2 {[%clk 0:07:39]} Ng4 {[%clk 0:08:28]} 22. Rf3
{[%clk 0:07:31]} Ne5 {[%clk 0:08:31]} 23. Rg3 {[%clk 0:07:16]} g6
{[%clk 0:08:04]} 24. Nd4 {[%clk 0:06:53]} Bf7 {[%clk 0:07:42]} 25. Nb3
{[%clk 0:06:43]} Nbd7 {[%clk 0:07:34]} 26. Na5 {[%clk 0:06:14]} Rb8
{[%clk 0:07:22]} 27. d4 {[%clk 0:04:27]} b6 {[%clk 0:07:20]} 28. dxe5
{[%clk 0:03:53]} bxa5 {[%clk 0:07:24]} 29. exf6+ {[%clk 0:03:14]} Nxf6
{[%clk 0:06:23]} 30. Rf3 {[%clk 0:03:08]} 1-0

[Event "Championship Moscow 2015 Seniors rapid"]
[Site "?"]
[Date "2015.11.29"]
[Round "7.18"]
[White "Drozdov, Vladimir E."]
[Black "Piatin, Oleg"]
[Result "1-0"]
[BlackElo "2092"]
[WhiteElo "2008"]
[LiveChessVersion "1.4.6"]

1. e4 {[%clk 0:10:09]} Nc6 {[%clk 0:10:09]} 2. d4 {[%clk 0:10:12]} d5
{[%clk 0:10:12]} 3. Nc3 {[%clk 0:10:16]} e6 {[%clk 0:10:13]} 4. Nf3
{[%clk 0:10:17]} Nf6 {[%clk 0:10:15]} 5. e5 {[%clk 0:10:15]} Ne4 {[%clk 0:10:19]}
6. Bd3 {[%clk 0:10:14]} Nxc3 {[%clk 0:10:18]} 7. bxc3 {[%clk 0:10:18]} Bd7
{[%clk 0:09:52]} 8. O-O {[%clk 0:10:18]} a6 {[%clk 0:09:50]} 9. Re1
{[%clk 0:10:14]} Na5 {[%clk 0:09:46]} 10. Ng5 {[%clk 0:09:19]} h6
{[%clk 0:09:41]} 11. Qh5 {[%clk 0:08:55]} hxg5 {[%clk 0:07:03]} 12. Qxh8
{[%clk 0:08:57]} g6 {[%clk 0:06:48]} 13. Ba3 {[%clk 0:08:16]} 1-0

[Event "Championship Moscow 2015 Seniors rapid"]
[Site "?"]
[Date "2015.11.29"]
[Round "7.19"]
[White "Novogrudsky, Nikolay"]
[Black "Zavialov, Vladimir"]
[Result "0-1"]
[BlackElo "2046"]
[WhiteElo "2079"]
[LiveChessVersion "1.4.6"]

1. d4 {[%clk 0:10:09]} Nf6 {[%clk 0:10:09]} 2. Nf3 {[%clk 0:10:13]} e6
{[%clk 0:10:14]} 3. c4 {[%clk 0:10:16]} Bb4+ {[%clk 0:10:18]} 4. Nc3
{[%clk 0:10:18]} Bxc3+ {[%clk 0:10:21]} 5. bxc3 c5 6. e3 {[%clk 0:10:18]} d6
{[%clk 0:10:25]} 7. Bd3 {[%clk 0:10:17]} Qe7 {[%clk 0:10:28]} 8. O-O
{[%clk 0:09:59]} O-O {[%clk 0:10:29]} 9. e4 {[%clk 0:09:36]} e5 {[%clk 0:10:33]}
10. Bg5 {[%clk 0:09:35]} Bg4 {[%clk 0:10:07]} 11. d5 {[%clk 0:08:04]} Nbd7
{[%clk 0:09:40]} 12. h3 {[%clk 0:08:03]} Bxf3 {[%clk 0:08:57]} 13. Qxf3
{[%clk 0:08:07]} h6 {[%clk 0:09:01]} 14. Bd2 {[%clk 0:07:40]} Rfe8
{[%clk 0:08:56]} 15. g4 {[%clk 0:06:59]} Nh7 {[%clk 0:08:44]} 16. Kg2
{[%clk 0:05:13]} Ndf8 {[%clk 0:08:41]} 17. Qg3 {[%clk 0:04:36]} Ng6
{[%clk 0:08:41]} 18. f4 {[%clk 0:04:27]} exf4 {[%clk 0:08:09]} 19. Bxf4
{[%clk 0:04:31]} Rad8 {[%clk 0:08:06]} 20. Rae1 {[%clk 0:04:22]} Ne5
{[%clk 0:08:08]} 21. Bc2 {[%clk 0:03:49]} f6 {[%clk 0:07:59]} 22. Bxe5
{[%clk 0:03:24]} Qxe5 {[%clk 0:07:56]} 23. h4 {[%clk 0:03:05]} Re7
{[%clk 0:07:41]} 24. Qd3 {[%clk 0:02:55]} Ree8 {[%clk 0:06:46]} 25. Rf5
{[%clk 0:02:59]} Qe7 {[%clk 0:06:50]} 26. e5 {[%clk 0:02:55]} g6 {[%clk 0:05:12]}
27. exf6 {[%clk 0:01:45]} Qxe1 28. f7+ {[%clk 0:01:50]} Kh8 {[%clk 0:04:26]} 29.
fxe8=Q+ {[%clk 0:01:50]} Rxe8 {[%clk 0:04:28]} 30. Rf2 {[%clk 0:01:45]} Nf8
{[%clk 0:03:55]} 31. Qf3 {[%clk 0:01:24]} Qe7 {[%clk 0:03:52]} 32. Qf6+
{[%clk 0:01:08]} Qxf6 {[%clk 0:03:52]} 33. Rxf6 {[%clk 0:01:11]} Re2+
{[%clk 0:03:52]} 34. Rf2 {[%clk 0:01:08]} Rxf2+ {[%clk 0:03:53]} 35. Kxf2
{[%clk 0:01:12]} Kg7 {[%clk 0:03:56]} 36. Ke3 {[%clk 0:00:47]} Nd7
{[%clk 0:04:00]} 37. Bd1 {[%clk 0:00:38]} Ne5 {[%clk 0:03:59]} 38. Be2
{[%clk 0:00:42]} Kf6 {[%clk 0:03:53]} 39. Ke4 {[%clk 0:00:45]} Nf7
{[%clk 0:03:39]} 40. Bd1 {[%clk 0:00:44]} Ne5 {[%clk 0:03:18]} 41. Be2
{[%clk 0:00:48]} Ke7 {[%clk 0:03:07]} 42. a3 {[%clk 0:00:48]} Kd7
{[%clk 0:03:02]} 43. h5 {[%clk 0:00:42]} gxh5 {[%clk 0:03:01]} 44. gxh5
{[%clk 0:00:47]} Ke7 {[%clk 0:02:55]} 45. Kf5 {[%clk 0:00:51]} Kf7
{[%clk 0:02:59]} 46. Bf1 {[%clk 0:00:54]} Nf3 {[%clk 0:02:55]} 47. Bd3
{[%clk 0:00:47]} Ne5 {[%clk 0:02:31]} 48. Be2 {[%clk 0:00:51]} Nd7
{[%clk 0:02:33]} 49. Bf3 {[%clk 0:00:48]} Nb6 {[%clk 0:02:36]} 50. Be2
{[%clk 0:00:53]} Na4 {[%clk 0:02:40]} 51. Kf4 {[%clk 0:00:41]} Nxc3 52. Bd3 Kf6
{[%clk 0:02:36]} 53. Bg6 {[%clk 0:00:37]} Na4 {[%clk 0:02:36]} 54. Bc2
{[%clk 0:00:36]} Nb6 55. Bd3 Nd7 {[%clk 0:02:43]} 56. Bf1 {[%clk 0:00:42]} Ne5
57. Be2 Nf7 {[%clk 0:02:47]} 58. a4 {[%clk 0:00:43]} Ne5 {[%clk 0:02:47]} 59. a5
{[%clk 0:00:43]} Nd7 {[%clk 0:02:43]} 60. Bd1 {[%clk 0:00:43]} b6
{[%clk 0:02:41]} 61. Ba4 {[%clk 0:00:25]} Ne5 {[%clk 0:02:41]} 62. axb6 axb6
{[%clk 0:02:45]} 63. Bb5 {[%clk 0:00:29]} Nd3+ {[%clk 0:02:46]} 64. Ke3
{[%clk 0:00:31]} Ne5 {[%clk 0:02:50]} 65. Kf4 {[%clk 0:00:35]} Nf7
{[%clk 0:02:49]} 66. Ba6 {[%clk 0:00:38]} Ng5 {[%clk 0:02:52]} 67. Bb5
{[%clk 0:00:39]} Nh3+ {[%clk 0:02:56]} 68. Kg3 {[%clk 0:00:42]} Ng5
{[%clk 0:02:59]} 69. Kf4 {[%clk 0:00:46]} Nf7 {[%clk 0:03:00]} 70. Ba4
{[%clk 0:00:50]} Ne5 71. Bb5 Nd3+ {[%clk 0:02:58]} 72. Ke3 {[%clk 0:00:58]} Ne1
{[%clk 0:02:52]} 73. Kf4 {[%clk 0:00:55]} Nc2 {[%clk 0:02:56]} 74. Ba6
{[%clk 0:00:53]} Nd4 {[%clk 0:03:00]} 75. Bc8 {[%clk 0:00:55]} b5
{[%clk 0:03:00]} 76. cxb5 {[%clk 0:00:53]} Nxb5 {[%clk 0:03:04]} 77. Bd7
{[%clk 0:00:53]} Nd4 {[%clk 0:03:06]} 78. Be8 {[%clk 0:00:49]} Nc2
{[%clk 0:03:10]} 79. Ba4 {[%clk 0:00:50]} Nb4 {[%clk 0:03:14]} 80. Bb3
{[%clk 0:00:52]} Nd3+ {[%clk 0:03:07]} 81. Bc2 {[%clk 0:00:47]} 0-1

[Event "Championship Moscow 2015 Seniors rapid"]
[Site "?"]
[Date "2015.11.29"]
[Round "7.20"]
[White "Tseitline, Semen"]
[Black "Kalinin, Anatoly"]
[Result "1-0"]
[BlackElo "2073"]
[WhiteElo "1976"]
[LiveChessVersion "1.4.6"]

1. d4 {[%clk 0:10:09]} d5 {[%clk 0:10:08]} 2. c4 {[%clk 0:10:13]} c6
{[%clk 0:10:12]} 3. Nf3 {[%clk 0:10:16]} Nf6 {[%clk 0:10:16]} 4. Nc3
{[%clk 0:10:18]} g6 {[%clk 0:10:18]} 5. e3 {[%clk 0:10:18]} Bg7 {[%clk 0:10:22]}
6. Bd3 {[%clk 0:10:22]} O-O {[%clk 0:10:23]} 7. O-O {[%clk 0:10:25]} Nbd7
{[%clk 0:10:22]} 8. b3 {[%clk 0:10:16]} Re8 {[%clk 0:10:25]} 9. Bb2
{[%clk 0:10:19]} e6 {[%clk 0:10:27]} 10. e4 {[%clk 0:10:11]} dxe4
{[%clk 0:10:27]} 11. Nxe4 {[%clk 0:10:15]} Nxe4 {[%clk 0:10:26]} 12. Bxe4
{[%clk 0:10:19]} Qa5 {[%clk 0:10:18]} 13. Qc2 {[%clk 0:10:07]} Nf6
{[%clk 0:10:08]} 14. Bd3 {[%clk 0:10:11]} Qc7 {[%clk 0:10:05]} 15. Rac1
{[%clk 0:10:00]} b6 {[%clk 0:10:08]} 16. Ne5 {[%clk 0:09:47]} Bb7
{[%clk 0:10:09]} 17. Rfe1 {[%clk 0:09:11]} Rad8 {[%clk 0:09:50]} 18. c5
{[%clk 0:08:40]} b5 {[%clk 0:09:31]} 19. a4 {[%clk 0:08:41]} a6 {[%clk 0:09:32]}
20. axb5 {[%clk 0:08:12]} axb5 {[%clk 0:09:36]} 21. Ra1 {[%clk 0:08:14]} Nd5
{[%clk 0:09:38]} 22. Be4 {[%clk 0:07:59]} Bc8 {[%clk 0:09:30]} 23. Bxd5
{[%clk 0:07:56]} exd5 {[%clk 0:09:31]} 24. Bc3 {[%clk 0:07:43]} Bf5
{[%clk 0:09:16]} 25. Qd2 {[%clk 0:07:43]} Ra8 {[%clk 0:09:04]} 26. Ba5
{[%clk 0:07:38]} Qb7 {[%clk 0:09:06]} 27. Bc3 {[%clk 0:07:30]} f6
{[%clk 0:08:44]} 28. Nf3 {[%clk 0:07:24]} Be4 {[%clk 0:08:16]} 29. Qf4
{[%clk 0:07:18]} Qd7 {[%clk 0:07:54]} 30. Nd2 {[%clk 0:07:09]} Bf5
{[%clk 0:07:43]} 31. Rxa8 {[%clk 0:06:51]} Rxa8 {[%clk 0:07:46]} 32. f3
{[%clk 0:06:42]} h5 {[%clk 0:07:33]} 33. h3 {[%clk 0:06:35]} Kh7 {[%clk 0:07:17]}
34. g4 {[%clk 0:06:21]} Bh6 {[%clk 0:07:12]} 35. Qd6 {[%clk 0:06:18]} Re8
{[%clk 0:06:42]} 36. Rxe8 {[%clk 0:05:37]} Qxe8 {[%clk 0:06:45]} 37. Nf1
{[%clk 0:05:17]} hxg4 {[%clk 0:05:34]} 38. hxg4 {[%clk 0:05:18]} Be6
{[%clk 0:05:37]} 39. Kf2 {[%clk 0:04:45]} f5 {[%clk 0:05:39]} 40. gxf5
{[%clk 0:04:34]} Bxf5 {[%clk 0:05:30]} 41. Bd2 {[%clk 0:04:28]} Bg7
{[%clk 0:05:02]} 42. Be3 {[%clk 0:04:21]} Qa8 {[%clk 0:04:34]} 43. Qe7
{[%clk 0:03:17]} Qa2+ {[%clk 0:04:27]} 44. Nd2 {[%clk 0:03:20]} Qa8
{[%clk 0:04:12]} 45. Kg3 {[%clk 0:02:49]} Kg8 {[%clk 0:04:06]} 46. f4
{[%clk 0:02:31]} Qa1 {[%clk 0:03:51]} 47. Qd8+ {[%clk 0:02:23]} Bf8
{[%clk 0:03:53]} 48. Nf3 {[%clk 0:02:13]} Qh1 {[%clk 0:03:44]} 49. Qf6
{[%clk 0:01:56]} Qh3+ {[%clk 0:03:35]} 50. Kf2 {[%clk 0:02:01]} Be4
{[%clk 0:02:22]} 51. Ng5 {[%clk 0:01:46]} Qd7 {[%clk 0:01:52]} 52. Nxe4
{[%clk 0:01:42]} dxe4 {[%clk 0:01:55]} 53. Qxg6+ {[%clk 0:01:46]} Bg7
{[%clk 0:01:56]} 54. f5 {[%clk 0:01:48]} Qf7 {[%clk 0:01:51]} 55. Qxf7+
{[%clk 0:01:41]} Kxf7 {[%clk 0:01:55]} 56. Kg3 {[%clk 0:01:46]} Kf6
{[%clk 0:01:58]} 57. Kf4 {[%clk 0:01:49]} Bh6+ {[%clk 0:02:00]} 58. Kxe4
{[%clk 0:01:53]} Bxe3 59. Kxe3 {[%clk 0:01:56]} Kxf5 {[%clk 0:02:03]} 60. d5
{[%clk 0:01:54]} cxd5 {[%clk 0:02:06]} 61. Kd4 {[%clk 0:01:51]} Ke6
{[%clk 0:02:10]} 62. b4 {[%clk 0:01:55]} Kd7 {[%clk 0:02:10]} 63. Kxd5
{[%clk 0:01:59]} Kc7 {[%clk 0:02:14]} 64. c6 {[%clk 0:02:03]} Kc8
{[%clk 0:02:05]} 1-0

[Event "Championship Moscow 2015 Seniors rapid"]
[Site "?"]
[Date "2015.11.29"]
[Round "8.1"]
[White "Voevodin, Vladimir"]
[Black "Balashov, Yuri S"]
[Result "1-0"]
[BlackElo "2385"]
[WhiteElo "2323"]
[LiveChessVersion "1.4.6"]

1. e4 {[%clk 0:10:08]} c5 {[%clk 0:10:09]} 2. d4 {[%clk 0:10:12]} cxd4
{[%clk 0:10:12]} 3. Nf3 {[%clk 0:10:16]} Nc6 {[%clk 0:10:16]} 4. Nxd4
{[%clk 0:10:19]} Qb6 {[%clk 0:10:20]} 5. Nb3 {[%clk 0:10:19]} Nf6
{[%clk 0:10:23]} 6. Nc3 {[%clk 0:10:22]} e6 {[%clk 0:10:27]} 7. Be3
{[%clk 0:10:07]} Qc7 {[%clk 0:10:31]} 8. Qd2 {[%clk 0:09:49]} Bb4
{[%clk 0:10:20]} 9. f3 {[%clk 0:09:51]} d5 {[%clk 0:10:08]} 10. a3
{[%clk 0:09:38]} Bxc3 {[%clk 0:10:06]} 11. Qxc3 {[%clk 0:09:42]} dxe4
{[%clk 0:09:56]} 12. fxe4 {[%clk 0:09:32]} Qe5 {[%clk 0:09:40]} 13. Qxe5
{[%clk 0:09:11]} Nxe5 {[%clk 0:09:44]} 14. Bd4 {[%clk 0:09:09]} Nc6
{[%clk 0:09:38]} 15. Bb5 {[%clk 0:09:02]} Bd7 {[%clk 0:09:12]} 16. Bxf6
{[%clk 0:08:49]} gxf6 {[%clk 0:09:16]} 17. Nc5 {[%clk 0:08:43]} a6
{[%clk 0:08:56]} 18. Nxd7 {[%clk 0:08:38]} Kxd7 {[%clk 0:08:59]} 19. O-O-O+
{[%clk 0:08:35]} Ke7 {[%clk 0:09:03]} 20. Bxc6 bxc6 {[%clk 0:09:07]} 21. Rd4
{[%clk 0:08:22]} Rhg8 {[%clk 0:09:11]} 22. g3 {[%clk 0:08:26]} Rg5
{[%clk 0:08:53]} 23. Rhd1 {[%clk 0:08:25]} Re5 {[%clk 0:08:50]} 24. Rd7+
{[%clk 0:08:05]} Kf8 {[%clk 0:08:51]} 25. Rc7 {[%clk 0:08:08]} Kg7
{[%clk 0:08:53]} 26. Rd4 {[%clk 0:08:04]} h5 {[%clk 0:08:38]} 27. Kd2
{[%clk 0:07:59]} c5 {[%clk 0:08:35]} 28. Rdd7 {[%clk 0:06:10]} Rf8
{[%clk 0:08:32]} 29. Kd3 {[%clk 0:06:10]} f5 {[%clk 0:08:31]} 30. exf5
{[%clk 0:06:13]} Rxf5 {[%clk 0:08:34]} 31. Ke3 {[%clk 0:06:00]} a5
{[%clk 0:07:38]} 32. Ra7 {[%clk 0:06:00]} c4 {[%clk 0:07:39]} 33. Rab7
{[%clk 0:05:35]} Rc8 {[%clk 0:07:22]} 34. Rdc7 {[%clk 0:05:05]} Rxc7
{[%clk 0:07:23]} 35. Rxc7 {[%clk 0:05:09]} Rb5 {[%clk 0:07:26]} 36. Rxc4
{[%clk 0:05:11]} Rxb2 {[%clk 0:07:30]} 37. Kd3 {[%clk 0:05:08]} Rb5
{[%clk 0:07:29]} 38. a4 {[%clk 0:05:10]} Rf5 {[%clk 0:07:28]} 39. Ke3
{[%clk 0:05:01]} Kf6 {[%clk 0:07:26]} 40. Rc7 {[%clk 0:04:53]} Kg5
{[%clk 0:07:16]} 41. h3 {[%clk 0:04:48]} h4 {[%clk 0:07:15]} 42. g4
{[%clk 0:04:43]} Re5+ {[%clk 0:07:01]} 43. Kf3 {[%clk 0:04:47]} f5
{[%clk 0:06:56]} 44. Rh7 {[%clk 0:04:06]} Rc5 {[%clk 0:06:16]} 45. Rh5+
{[%clk 0:04:09]} Kf6 {[%clk 0:06:14]} 46. Rxh4 {[%clk 0:03:23]} Rc3+
{[%clk 0:06:17]} 47. Ke2 {[%clk 0:03:26]} f4 {[%clk 0:06:18]} 48. Rh6+
{[%clk 0:02:46]} Ke5 49. Rh5+ Ke4 {[%clk 0:06:24]} 50. Rxa5 {[%clk 0:02:55]}
Rxc2+ {[%clk 0:06:25]} 51. Kd1 {[%clk 0:02:53]} f3 {[%clk 0:05:59]} 52. Ra6
{[%clk 0:02:40]} Ra2 {[%clk 0:05:29]} 53. Rxe6+ {[%clk 0:02:40]} Kf4
{[%clk 0:05:33]} 54. Rf6+ {[%clk 0:02:38]} Kg3 {[%clk 0:05:37]} 55. g5
{[%clk 0:02:39]} Kg2 {[%clk 0:05:29]} 56. g6 {[%clk 0:02:43]} Kxh3
{[%clk 0:04:17]} 57. Rxf3+ Kh4 58. g7 {[%clk 0:02:36]} Rg2 {[%clk 0:04:25]} 59.
Rf7 {[%clk 0:02:39]} Kh5 {[%clk 0:04:30]} 60. a5 {[%clk 0:02:44]} Kh6
{[%clk 0:04:34]} 61. a6 {[%clk 0:02:47]} Kh7 {[%clk 0:04:37]} 62. a7
{[%clk 0:02:51]} Ra2 {[%clk 0:04:41]} 63. Kc1 {[%clk 0:02:55]} 1-0

[Event "Championship Moscow 2015 Seniors rapid"]
[Site "?"]
[Date "2015.11.29"]
[Round "8.2"]
[White "Bakhtin, Vladimir A."]
[Black "Arkhipov, Sergey"]
[Result "0-1"]
[BlackElo "2507"]
[WhiteElo "2250"]
[LiveChessVersion "1.4.6"]

1. d4 {[%clk 0:10:08]} Nf6 {[%clk 0:10:08]} 2. Bg5 {[%clk 0:10:03]} Ne4
{[%clk 0:10:11]} 3. Bh4 {[%clk 0:09:55]} c5 {[%clk 0:10:13]} 4. f3
{[%clk 0:09:44]} g5 {[%clk 0:10:15]} 5. fxe4 {[%clk 0:09:44]} gxh4
{[%clk 0:10:19]} 6. e3 {[%clk 0:09:46]} Bh6 {[%clk 0:10:17]} 7. Kf2
{[%clk 0:09:44]} cxd4 {[%clk 0:09:20]} 8. exd4 {[%clk 0:09:42]} d5
{[%clk 0:09:12]} 9. exd5 {[%clk 0:07:52]} Qxd5 {[%clk 0:08:55]} 10. Nf3
{[%clk 0:07:50]} Nc6 {[%clk 0:08:32]} 11. Nc3 {[%clk 0:07:50]} Qe6
{[%clk 0:08:10]} 12. Qe2 {[%clk 0:07:29]} Qxe2+ {[%clk 0:07:55]} 13. Bxe2
{[%clk 0:07:32]} Bf5 {[%clk 0:07:39]} 14. Nb5 {[%clk 0:05:32]} O-O
{[%clk 0:07:24]} 15. c3 {[%clk 0:05:27]} h3 {[%clk 0:07:12]} 16. gxh3
{[%clk 0:04:26]} Bxh3 {[%clk 0:07:14]} 17. Rhg1+ {[%clk 0:04:26]} Kh8
{[%clk 0:07:17]} 18. d5 {[%clk 0:04:00]} Nd8 {[%clk 0:07:15]} 19. Nbd4
{[%clk 0:03:22]} Bf4 {[%clk 0:06:11]} 20. Ng5 {[%clk 0:02:56]} Bd7
{[%clk 0:06:04]} 21. h4 {[%clk 0:02:54]} e5 {[%clk 0:05:53]} 22. dxe6
{[%clk 0:02:38]} fxe6 {[%clk 0:05:54]} 23. Kg2 {[%clk 0:02:04]} e5
{[%clk 0:05:50]} 24. Ndf3 {[%clk 0:02:06]} Ne6 {[%clk 0:05:09]} 25. Nxe6
{[%clk 0:01:40]} Bxe6 {[%clk 0:05:13]} 26. Rad1 {[%clk 0:01:31]} Bxa2
{[%clk 0:05:01]} 27. Rd7 {[%clk 0:01:12]} Rf7 {[%clk 0:05:01]} 28. Rgd1
{[%clk 0:01:01]} Rg8+ {[%clk 0:04:41]} 29. Kf1 {[%clk 0:01:00]} Be3
{[%clk 0:04:33]} 30. Rxf7 {[%clk 0:00:53]} Bxf7 {[%clk 0:04:36]} 31. Rd7
{[%clk 0:00:51]} Rf8 {[%clk 0:04:01]} 32. Ke1 {[%clk 0:00:46]} e4
{[%clk 0:03:48]} 33. Ne5 {[%clk 0:00:46]} Be6 {[%clk 0:03:23]} 34. Rxb7
{[%clk 0:00:48]} a5 {[%clk 0:03:01]} 35. Ng4 {[%clk 0:00:31]} Bf4
{[%clk 0:02:53]} 36. Re7 {[%clk 0:00:23]} Bg3+ {[%clk 0:02:49]} 37. Kd2
{[%clk 0:00:24]} Bf4+ {[%clk 0:02:43]} 38. Ke1 {[%clk 0:00:27]} Bf5
{[%clk 0:02:44]} 39. Ne5 {[%clk 0:00:21]} e3 {[%clk 0:02:22]} 40. Nf3
{[%clk 0:00:20]} Bg6 {[%clk 0:02:00]} 41. Kd1 {[%clk 0:00:16]} Rd8+
{[%clk 0:01:52]} 42. Nd4 {[%clk 0:00:20]} Rg8 {[%clk 0:01:47]} 43. h5
{[%clk 0:00:23]} Be8 {[%clk 0:01:39]} 44. Nf3 {[%clk 0:00:26]} Ba4+
{[%clk 0:01:40]} 45. Kc1 {[%clk 0:00:28]} Rg2 {[%clk 0:01:31]} 46. Re4
{[%clk 0:00:28]} Rxe2 {[%clk 0:01:28]} 47. Rxf4 {[%clk 0:00:32]} Bb3
{[%clk 0:01:28]} 48. h6 {[%clk 0:00:34]} Kg8 49. c4 0-1